Normal view
MARC view
Entry Topical Term
001 - CONTROL NUMBER
- control field: 38452
003 - CONTROL NUMBER IDENTIFIER
- control field: dpl
005 - DATE AND TIME OF LATEST TRANSACTION
- control field: 20120106110231.0
008 - FIXED-LENGTH DATA ELEMENTS
- fixed length control field: 120106|||a|||||| | ||| d
040 ## - CATALOGING SOURCE
- Original cataloging agency: dpl
- Transcribing agency: dpl
150 ## - HEADING--TOPICAL TERM
- Topical term or geographic name as entry element: Science
- General subdivision: Encuclopedia
670 ## - SOURCE DATA FOUND
- Source citation: Work cat.: (dpl): अग्रवाल, जे.पी. 38451, सचित्र विज्ञान कोश /, 2011
670 ## - SOURCE DATA FOUND
- Source citation: Work cat.: (dpl): अग्रवाल, जे.पी. 38451, सचित्र विज्ञान कोश /, 2011
